000 00956cam a22002531 4500
001 pa 63000021
003 DLC
005 20260227111856.0
008 780328s1962 dcu i00010 eng c
010 _apa 63000021 //r853
035 _aocl73721858
040 _aPan American Union. Library
_cWMaUCS
_dWMaUCS
050 0 _aF1405.5 1959
_b.O7 OEA/ser.I/I.4
110 2 0 _aPan American Union.
_bCodification Division.
245 0 0 _aBasic documents [of the] Inter-American Council of Jurists and Inter-American Juridical Committee.
260 1 _aWashington,
_c1962.
300 _aiii, 32 p.
_c28 cm.
490 1 _aOAS Official records,
_vOEA/Ser.I/I.4 (English)
490 1 _a[Inter-American Council of Jurists] CIJ-66
710 2 0 _aInter-American Council of Jurists.
710 2 0 _aInter-American Juridical Committee.
830 0 _aOAS official records ;
_vOEA/Ser.I/I.4 (English)
810 2 _aInter-American Council of Jurists.
_tCIJ,
_lEnglish,
_v66.
999 _c51514
_d51514